Je m'appelle Jean-Baptiste - Molière l'opéra urbain - Statistiques

Statistiques générales
  • Ce quiz a été pris 15 fois
  • Le résultat moyen est 194 sur 264
Statistiques - réponses
Hint Réponse % Correct
a
100%
à
100%
A
100%
artiste
100%
de
100%
des
100%
destin
100%
Couplet 1 Je
100%
je
100%
Jean-Baptiste
100%
la
100%
le
100%
Le
100%
m'a
100%
ma
100%
m'appelle
100%
me
100%
mon
100%
Mon
100%
ou
100%
100%
100%
Poquelin
100%
Tapissier
100%
tapissier
100%
un
100%
Ce
88%
ce
88%
comédien
88%
Du
88%
et
88%
Couplet 3 Et
88%
finiras
88%
j'ai
88%
J'ai
88%
joue
88%
même
88%
par
88%
que
88%
qui
88%
se
88%
serai
88%
tomber
88%
Refrain Tu
88%
y
88%
aujourd'hui
75%
bonheur
75%
briller
75%
choisi
75%
d'orgueil
75%
il
75%
Il
75%
les
75%
longtemps
75%
mère
75%
père
75%
pour
75%
pris
75%
vanité
75%
vouloir
75%
bourgeois
63%
dans
63%
Dans
63%
enfance
63%
grand-père
63%
haut
63%
j'aimais
63%
l'ai
63%
Madeleine
63%
ne
63%
payé
63%
plus
63%
prix
63%
quel
63%
roi
63%
rue
63%
rues
63%
Si
63%
sommets
63%
son
63%
tant
63%
veux
63%
vie
63%
amie
50%
Arte
50%
aux
50%
belle
50%
chemin
50%
Comedia
50%
comédiennes
50%
Del
50%
Elle
50%
elle
50%
être
50%
initié
50%
montré
50%
pas
50%
puis
50%
seule
50%
solitaire
50%
théâtres
50%
tout
50%
vrais
50%
Avec
38%
avec
38%
avenir
38%
avoir
38%
bourrus
38%
choix
38%
décor
38%
découvert
38%
devenir
38%
devenus
38%
emmené
38%
envers
38%
était
38%
fût
38%
gens
38%
grandir
38%
honneur
38%
jour
38%
Jusqu'au
38%
laissera
38%
main
38%
obsession
38%
ouvert
38%
Paris
38%
passion
38%
prémices
38%
rire
38%
rustres
38%
sont
38%
souffrance
38%
spectacles
38%
tendu
38%
yeux
38%
brillant
25%
comment
25%
construire
25%
dire
25%
lui
25%
Mais
25%
mais
25%
moi
25%
réappris
25%
réglé
25%
sais
25%
traîner
25%
aimer
13%
Aucun quiz correspondant
Distribution des résultats
% des personnes avec chaque résultat
Percentile par nombre de réponses
Votre historique - résultats
Vous n’avez pas pris ce quiz